|
|
|
|
| LEADER |
03079nam a22003733i 4500 |
| 001 |
EBC6978221 |
| 003 |
MiAaPQ |
| 005 |
20231204023224.0 |
| 006 |
m o d | |
| 007 |
cr cnu|||||||| |
| 008 |
231204s2022 xx o ||||0 eng d |
| 020 |
|
|
|a 9789633865767
|q (electronic bk.)
|
| 035 |
|
|
|a (MiAaPQ)EBC6978221
|
| 035 |
|
|
|a (Au-PeEL)EBL6978221
|
| 035 |
|
|
|a (OCoLC)1323328215
|
| 040 |
|
|
|a MiAaPQ
|b eng
|e rda
|e pn
|c MiAaPQ
|d MiAaPQ
|
| 100 |
1 |
|
|a Abbott, Robert J.
|
| 245 |
1 |
0 |
|a Policemen of the Tsar :
|b Local Police in an Age of Upheaval.
|
| 250 |
|
|
|a 1st ed.
|
| 264 |
|
1 |
|a Budapest :
|b Central European University Press,
|c 2022.
|
| 264 |
|
4 |
|c Ã2022.
|
| 300 |
|
|
|a 1 online resource (235 pages)
|
| 336 |
|
|
|a text
|b txt
|2 rdacontent
|
| 337 |
|
|
|a computer
|b c
|2 rdamedia
|
| 338 |
|
|
|a online resource
|b cr
|2 rdacarrier
|
| 490 |
1 |
|
|a Historical Studies in Eastern Europe and Eurasia Series
|
| 505 |
0 |
|
|a Cover -- Front matter -- Half-title -- Series title page -- Title page -- Copyright -- Dedication -- Contents -- Tables -- Figures and Maps -- Preface -- Glossary of Russian Police Terms -- Chapter 1: The Local Police at Mid-Century -- Critical Mission, Weak Force -- Organization, Numbers, and Qualifications -- Particular Performance Problems -- Obstacles to Reform and Improving Prospects -- Chapter 2: The Rural Police -- Differing and Complementary Approaches -- Rising and Receding Reform -- Chapter 3: Metropolitan and Municipal Police -- More Police versus More Reform -- Expansion in St. Petersburg -- Karakozov and Trepov -- The Neglected City Police -- Chapter 4: From Stalemate to Forced Resolution -- The Polish Police Model -- The Commission on Provincial and County Institutions Reassembled -- On a Treadmill of Proposals -- Police Expansion at Gunpoint -- Chapter 5: A Police Balance Sheet -- New Units, New Weapons -- Numbers, Qualifications, and Workload -- International Comparisons -- Performance against Crime -- Performance of Non-Crime Duties -- Summing Up -- Chapter 6: Consequences and Implications -- Ministerial Gains, Loss of Local Control -- Rural Lawlessness and the Lack of Non-Military Force -- Damage to Center, Zemstvos, and Courts -- Impeding Liberalizing Reforms -- Implications for the Tsarist System -- Appendix: Police in the Borderlands -- The Baltic Provinces -- The Caucasus -- Central Asia -- Congress Poland -- Siberia -- Impact and Implications -- Bibliography -- Index -- Back cover.
|
| 588 |
|
|
|a Description based on publisher supplied metadata and other sources.
|
| 590 |
|
|
|a Electronic reproduction. Ann Arbor, Michigan : ProQuest Ebook Central, 2023. Available via World Wide Web. Access may be limited to ProQuest Ebook Central affiliated libraries.
|
| 655 |
|
4 |
|a Electronic books.
|
| 776 |
0 |
8 |
|i Print version:
|a Abbott, Robert J.
|t Policemen of the Tsar
|d Budapest : Central European University Press,c2022
|
| 797 |
2 |
|
|a ProQuest (Firm)
|
| 830 |
|
0 |
|a Historical Studies in Eastern Europe and Eurasia Series
|
| 856 |
4 |
0 |
|u https://ebookcentral.proquest.com/lib/matrademy/detail.action?docID=6978221
|z Click to View
|